El sistema del mundo / (Record no. 186372)

MARC details
000 -LEADER
campo de control de longitud fija 00888nam a2200265 i 4500
001 - NÚMERO DE CONTROL
campo de control 186372
003 - IDENTIFICADOR DE NÚMERO DE CONTROL
campo de control SpMaBN
005 - FECHA Y HORA DE LA ÚLTIMA TRANSACCIÓN
campo de control 20230906222645.0
008 - DATOS DE LONGITUD FIJA--INFORMACIÓN GENERAL
campo de control de longitud fija 161031s1984 sp cd |||| |dspa d
020 ## - NÚMERO INTERNACIONAL ESTÁNDAR DEL LIBRO
Número Internacional Estándar del Libro 84-7291-627-8
080 ## - NÚMERO DE LA CLASIFICACIÓN DECIMAL UNIVERSAL
Número de la Clasificación Decimal Universal 521.1(035.3)"16"
100 1# - ENTRADA PRINCIPAL--NOMBRE DE PERSONA
Nombre de persona Newton, Isaac
Títulos y otros términos asociados al nombre Sir.
9 (RLIN) 85508
245 13 - MENCIÓN DEL TÍTULO
Título El sistema del mundo /
Mención de responsabilidad, etc. Isaac Newton ; [traducción, Eloy Rada García].
260 ## - PUBLICACIÓN, DISTRIBUCIÓN, ETC.
Lugar de publicación, distribución, etc. Madrid :
Nombre del editor, distribuidor, etc. Sarpe,
Fecha de publicación, distribución, etc. [1984]
300 ## - DESCRIPCIÓN FÍSICA
Extensión 174 p. :
Otras características físicas 1 retr., gráf. ;
Dimensiones 18 cm.
490 1# - MENCIÓN DE SERIE
Mención de serie Los grandes pensadores ;
Designación de volumen o secuencia 27
500 ## - NOTA GENERAL
Nota general Cronología.
500 ## - NOTA GENERAL
Nota general Glosario.
504 ## - NOTA DE BIBLIOGRAFÍA, ETC.
Nota de bibliografía, etc. Bibliografía: p. [21]
650 ## - PUNTO DE ACCESO ADICIONAL DE MATERIA--TÉRMINO DE MATERIA
Término de materia o nombre geográfico como elemento de entrada Mecánica celeste-
Subdivisión de forma Obras anteriores a 1800.
9 (RLIN) 14874
700 1# - ENTRADA AGREGADA--NOMBRE PERSONAL
Nombre de persona Rada García, Eloy.
9 (RLIN) 94903
830 0# - PUNTO DE ACCESO ADICIONAL DE SERIE-TÍTULO UNIFORME
Título uniforme Los grandes pensadores ;
Designación de volumen o secuencia 27
9 (RLIN) 182825
852 ## - LOCALIZACIÓN
Ubicación ES-MaACL
Número de control de estantería L-30739
Nota libre -enc. guaflex
-- . - Donat. Miguel A. Velasco
Holdings
Estatus retirado Estado de pérdida Estado de daño No para préstamo Biblioteca de origen Biblioteca actual Ubicación en estantería Fecha de adquisición Fuente de adquisición Total de préstamos Signatura topográfica completa Código de barras Visto por última vez Precio de reemplazo Tipo de ítem Koha
        Biblioteca del Ateneo de Madrid Biblioteca del Ateneo de Madrid Depósito 2 31/10/2016     L-30739 1196528 23/02/2023 23/02/2023 Libro impreso